Saneamiento ambiental

Bibliographic Details
Main Author: Hernández Rossié, Armando
Format: Section = Libro
Language:Undetermined
Spanish
Published: La Habana Ministerio de Educación Superior 1984
Subjects:
LEADER 00499nam a2200181Ia 4500
008 240829s9999 xx 000 0 und d
040 |a BIBLIOTECA-RUSB/ 614.15 H557 
041 |a spa 
082 |a 614.15 H557 
100 1 |a Hernández Rossié, Armando 
245 1 0 |a Saneamiento ambiental 
260 |a La Habana  |b Ministerio de Educación Superior  |c 1984 
300 |a p. irreg. :il. 
650 7 |a INGENIERIA SANITARIA 
650 7 |b  SANEAMIENTO INGENIERIA 
942 |c BK  |2 ddc 
991 |a TEXTO 
999 |c 2661